Marine corrosion and cathodic protection / (Record no. 10327)

MARC details
000 -LEADER
fixed length control field 01171cam a22002898i 4500
003 - CONTROL NUMBER IDENTIFIER
control field IMU CC
005 - DATE AND TIME OF LATEST TRANSACTION
control field 20260223115227.0
008 - FIXED-LENGTH DATA ELEMENTS--GENERAL INFORMATION
fixed length control field 210819s2022 enk b 001 0 eng
020 ## - INTERNATIONAL STANDARD BOOK NUMBER
International Standard Book Number 9781032105819
040 ## - CATALOGING SOURCE
Original cataloging agency IMU CC
041 0# - LANGUAGE CODE
Language code of text/sound track or separate title eng
082 00 - DEWEY DECIMAL CLASSIFICATION NUMBER
Edition number 23
Classification number 627.98
Item number GOO
100 1# - MAIN ENTRY--PERSONAL NAME
Personal name Googan, Chris
Relator term author.
9 (RLIN) 4197
245 10 - TITLE STATEMENT
Title Marine corrosion and cathodic protection /
Statement of responsibility, etc. Chris Googan.
250 ## - EDITION STATEMENT
Edition statement First edition.
260 ## - PUBLICATION, DISTRIBUTION, ETC.
Place of publication, distribution, etc. Abingdon, Oxon ;
Name of publisher, distributor, etc. CRC Press,
Date of publication, distribution, etc. 2022.
300 ## - PHYSICAL DESCRIPTION
Extent xl, 520 p.:
Other physical details hbk.;
Dimensions 26 cm.
336 ## - CONTENT TYPE
Content type term text
Content type code txt
Source rdacontent
504 ## - BIBLIOGRAPHY, ETC. NOTE
Bibliography, etc. note Includes bibliographical references and index.
520 ## - SUMMARY, ETC.
Summary, etc. "This comprehensive practitioner guide presents CP theory to industry recognised codes for basic and advanced applications to metals, with an outline of subsea coating systems. It covers retrofitting and for internal applications, along with computational modelling, and the management of offshore CP systems"--
650 #0 - SUBJECT ADDED ENTRY--TOPICAL TERM
Topical term or geographic name entry element Offshore structures
General subdivision Protection.
9 (RLIN) 4198
650 #0 - SUBJECT ADDED ENTRY--TOPICAL TERM
Topical term or geographic name entry element Corrosion and anti-corrosives.
9 (RLIN) 4199
650 #0 - SUBJECT ADDED ENTRY--TOPICAL TERM
Topical term or geographic name entry element Cathodic protection.
9 (RLIN) 4200
650 #0 - SUBJECT ADDED ENTRY--TOPICAL TERM
Topical term or geographic name entry element Seawater corrosion.
9 (RLIN) 4201
856 ## - ELECTRONIC LOCATION AND ACCESS
Link text BK
942 ## - ADDED ENTRY ELEMENTS (KOHA)
Koha item type Books
Source of classification or shelving scheme Dewey Decimal Classification
Holdings
Withdrawn status Lost status Source of classification or shelving scheme Damaged status Not for loan Home library Current library Shelving location Date acquired Source of acquisition Cost, normal purchase price Total Checkouts Full call number Barcode Date last seen Price effective from Koha item type
    Dewey Decimal Classification     IMU Chennai Uthandi Library IMU Chennai Uthandi Library General Stacks 29/10/2025 M/s.Shanti Books; 2603 Dt.03.10.2025 18664.00   627.98 GOO 23967 29/10/2025 29/10/2025 Reference book
Copyright © 2024. Central Library, Indian Maritime University, Chennai Campus
Koha version: 24.05.03